Portfolio : case studies for business English - teacher's guide

Αποθηκεύτηκε σε:
Λεπτομέρειες βιβλιογραφικής εγγραφής
Κύριος συγγραφέας: Howe, Brian
Μορφή: Βιβλίο
Γλώσσα:English
Δημοσίευση: England : Longman, 1988
Θέματα:
Ετικέτες: Προσθήκη ετικέτας
Δεν υπάρχουν, Καταχωρήστε ετικέτα πρώτοι!

MARC

LEADER 00000cam a2200000 i 4500
001 1/49214
008 960402s1988 eng d
020 |a 0582852471 
035 |l 10026799 
040 |a GR-MY-UA  |b gre  |e aacr 
041 0 |a eng 
082 0 |a 428.2402465 
100 1 |a Howe, Brian. 
245 1 0 |a Portfolio :  |b case studies for business English - teacher's guide /  |c Brian Howe 
260 |a England :   |b Longman,   |c 1988 
300 |a 76 p.  |e 1 cassette 
650 0 0 |a English language  |v Textbooks for foreign speakers. 
650 0 0 |a English language  |x Business English. 
852 |a INST  |b CHIOS  |e 19960402  |h 428.2402465 HOW  |p 005200000486  |q 005200000486  |t BK  |y 0 
852 |a INST  |b CHIOS  |e 19960715  |h 428.2402465 HOW  |p 005200002046  |q 005200002046  |t BK  |y 0 
852 |a INST  |b CHIOS  |e 19981110  |h 428.2402465 HOW mc  |p 005200021151  |q 005200021151  |t BK  |y 0 
909 |a Χ  |b 016878 
909 |a Χ  |b 016015 
909 |a Χ  |b 016873